000 00381cam a22001217a 4500
008 180718b1973 xxu||||| |||| 00| 0 eng d
082 _aA81x54 In2/71/14/Pt2A
100 _aCensus of India 1971
245 _aMysore: general population tables
260 _aDelhi
_bThe Manager of Publications
_c1973
300 _a676+p.
440 _aCensus of India 1971. Series-14, Mysore. Part II-A
999 _c485866
_d485866